Statistics for AFL teams by clue

Click here to take the quiz!

General Stats

  • This quiz has been taken 179 times
  • The average score is 12 of 18

Answer Stats

Clue Answer % Correct
Drugs CheatsEssendon Bombers
91%
ManeBrisbane Lions
89%
Black BirdAdelaide Crows
88%
Australia AnimalNorth Melbourne
71%
HotGold Coast Suns
68%
ColourCarlton Blues
67%
Meat pieCollingwood Magpies
66%
JungleRichmond Tigers
64%
BirdWest Coast Eagles
63%
DuckSydney Swans
62%
HugeGWS
61%
ThunderPort Adelaide
61%
PetGeelong Cats
61%
DevilMelbourne
60%
A flying AnimalHawthron Hawks
55%
HeavenSt. Kilda Saints
53%
SlobberWestern Bulldogs
51%
Surf BoardFremantle Dockers
27%

Score Distribution

Percentile by Number Answered

Percent of People with Each Score

Your Score History

You have not taken this quiz